| 000 | 01074nam a2200313Ia 4500 | ||
|---|---|---|---|
| 003 | OSt | ||
| 005 | 20221006160408.0 | ||
| 006 | a|||||r|||| 00| 0 | ||
| 007 | ta | ||
| 008 | 221006b |||||||| |||| 00| 0 eng d | ||
| 020 |
_a9780804761574 _c5608.00 |
||
| 024 | _a45,126 | ||
| 037 |
_bGift, Japan Foundation _cTextual |
||
| 040 |
_aEASL _cEASL _beng |
||
| 041 |
_2eng _aeng |
||
| 082 | _aO42,1M:g, Q1 | ||
| 100 |
_aFlueckiger Peter _9673249 |
||
| 245 | 0 |
_aImagining harmony _b Poetry, empathy, and community in mid-Tokugawa Confucianism and nativism |
|
| 260 |
_aStanford _bStanford University Press _c2011 |
||
| 300 |
_a300p. _ccm. |
||
| 490 | _v JEL | ||
| 650 |
_a Culture in literature _9673250 |
||
| 650 |
_a Literature and society - Japan - History _9669302 |
||
| 650 |
_a Nativism in literature _9673251 |
||
| 650 |
_a Philosophy - Confucian _9673252 |
||
| 650 |
_aJapanese - poetry - History and criticism - theory etc _9673253 |
||
| 942 |
_hO42,1M:g, Q1 _cTEXL _2CC |
||
| 999 |
_c1113218 _d1113218 |
||